Statystyki dla 30 najpopularniejszych imion żeńskich na A

Kliknij tutaj aby rozwiązać quiz!

Ogólne statystyki

  • Ten quiz został rozwiązany 209 razy
  • Średni wynik to 13 z 30

Statystyki odpowiedzi

Odpowiedź% Poprawnych
1Anna1053032
99%
2Agnieszka549842
84%
3Alicja248771
78%
4Agata183046
74%
6Amelia117578
74%
13Anastazja22020
69%
12Adrianna33005
60%
5Aneta151953
58%
22Anetta6043
58%
8Alina87203
56%
7Angelika64893
51%
21Ada7160
50%
10Anita45356
49%
9Antonina60599
47%
14Aldona21160
44%
20Apolonia7989
40%
19Adela9997
39%
23Alla5891
39%
18Aurelia13830
39%
24Amanda5436
38%
11Aniela39710
38%
17Arleta11325
35%
26Adelajda3912
23%
15Adriana15606
23%
27Albina3815
15%
28Alexandra3501
14%
29Alena3150
7%
25Alona4483
6%
30Angelina3069
6%
16Anastasiia15091
3%

Rozkład punktacji

Percentyl według liczby udzielonych odpowiedzi

Procent ludzi z każdym wynikiem

Twoja historia wyników

Nie rozwiązałeś tego quizu